Sborník Poštovního muzea 2020 : k 70. narozeninám PhDr. Jana Galušky

Korporativní autor: Poštovní muzeum (Praha, Česko)
Další autoři: Galuška, Jan, 1950-
Jazyk: Čeština
Vydáno: Praha : Česká pošta, s.p., Poštovní muzeum v nakladatelství Pofis, 2020
Vydání: Vydání druhé
Témata:
Fyzický popis: 164 stran : ilustrace (některé barevné), portréty, faksimile ; 24 cm
Knihy
Uloženo v:
LEADER 02386nam a2200637 i 4500
001 nkc20213277846
003 CZ PrNK
005 20210219114441.0
007 ta
008 210114s2020 xr ach e 010 0bcze
015 |a cnb003277846 
020 |a 978-80-86437-23-1  |q (brožováno) 
035 |a (OCoLC)1237097708 
040 |a ABA001  |b cze  |e rda 
043 |a e-xr---  |b e-xr-pg  |2 czenas 
045 |a x-y- 
072 7 |a 656.8  |x Poštovní služby a správa  |2 Konspekt  |9 4 
080 |a 930-051  |2 MRF 
080 |a 069:656.8  |2 MRF 
080 |a 656.8  |2 MRF 
080 |a 656.8(091)  |2 MRF 
080 |a (437.3)  |2 MRF 
080 |a (437.311)  |2 MRF 
080 |a (062.552)  |2 MRF 
245 0 0 |a Sborník Poštovního muzea 2020 :  |b k 70. narozeninám PhDr. Jana Galušky 
250 |a Vydání druhé 
264 1 |a Praha :  |b Česká pošta, s.p., Poštovní muzeum v nakladatelství Pofis,  |c 2020 
300 |a 164 stran :  |b ilustrace (některé barevné), portréty, faksimile ;  |c 24 cm 
336 |a text  |b txt  |2 rdacontent 
337 |a bez média  |b n  |2 rdamedia 
338 |a svazek  |b nc  |2 rdacarrier 
504 |a Obsahuje bibliografické odkazy 
600 1 7 |a Galuška, Jan,  |d 1950-  |7 xx0078397  |2 czenas 
610 2 7 |a Poštovní muzeum (Praha, Česko)  |7 kn20010709320  |2 czenas 
648 7 |a 20.-21. století  |7 ch462155  |2 czenas 
650 0 7 |a historici  |7 ph114665  |z Česko  |y 20.-21. století  |2 czenas 
650 0 7 |a poštovní muzea  |7 ph514309  |z Česko  |y 20.-21. století  |2 czenas 
650 0 7 |a poštovnictví  |7 ph115853  |z Česko  |2 czenas 
650 0 7 |a dějiny poštovnictví  |7 ph488977  |z Česko  |2 czenas 
650 0 9 |a historians  |z Czechia  |y 20th-21st centuries  |2 eczenas 
650 0 9 |a postal museums  |z Czechia  |y 20th-21st centuries  |2 eczenas 
650 0 9 |a postal services  |z Czechia  |2 eczenas 
650 0 9 |a history of postal services  |z Czechia  |2 eczenas 
651 7 |a Praha (Česko)  |7 ge118011  |2 czenas 
651 9 |a Prague (Czechia)  |2 eczenas 
655 7 |a sborníky  |7 fd724344  |2 czenas 
655 9 |a papers  |2 eczenas 
700 1 |a Galuška, Jan,  |d 1950-  |7 xx0078397  |4 hnr 
710 2 |a Poštovní muzeum (Praha, Česko)  |7 kn20010709320  |4 isb 
910 2 |a BOA001  |b 2-1459.255 
928 9 |a Poštovní muzeum 
928 9 |a Pofis 
990 |a BK 
995 |a 01 
991 |b 202102  |c NOV 
996 6 |b 2610852780  |c 2-1459.255  |l MZK  |r Sklad / do 1 hodiny  |n 0  |p p.v.  |w 001840679  |u 000010  |a 1  |e BOA001  |j MZK50  |s P